The Andaman and Nicobar Islands (panchayats) regulation (Record no. 490060)

000 -LEADER
fixed length control field 00403cam a22001097a 4500
008 - FIXED-LENGTH DATA ELEMENTS--GENERAL INFORMATION
fixed length control field 180718b-- xxu||||| |||| 00| 0 eng d
082 ## - DEWEY DECIMAL CLASSIFICATION NUMBER
Classification number B71103x5465 A/RE
100 ## - MAIN ENTRY--PERSONAL NAME
Personal name Andaman and Nicobar Islands. Ministry of Law, Justice and Company Affairs (Legislative Department)
245 ## - TITLE STATEMENT
Title The Andaman and Nicobar Islands (panchayats) regulation
260 ## - PUBLICATION, DISTRIBUTION, ETC.
Place of publication, distribution, etc. Port Blair
Name of publisher, distributor, etc. The author
Date of publication, distribution, etc. --
500 ## - GENERAL NOTE
General note Library has 1994
Holdings
Withdrawn status Lost status Damaged status Not for loan Permanent Location Current Location Date acquired Full call number Barcode Date last seen Price effective from Koha item type
        Indian Institute of Public Administration Indian Institute of Public Administration 2018-08-04 B71103x5465 A/RE GG27418 2018-08-04 2018-08-04 GG
        Indian Institute of Public Administration Indian Institute of Public Administration 2018-08-04 B71103x5465 A/RE GG27411 2018-08-04 2018-08-04 GG

Powered by Koha